000 00461cam a22001097a 4500
008 180718b1962 xxu||||| |||| 00| 0 eng d
082 _aT83 In2m
245 _aManagement and work study
_cby Organisation and Methhods Division, Department of Cabinet Affairs, India
260 _aNew Delhi
_bOrganisation and Methhods Division, Department of Cabinet Affairs
_c1962
300 _a27p
700 _aIndia. Department of Cabinet Affairs. Organisation and Methhods Division
999 _c498262
_d498262